Statistics for Most Career Return Touchdowns

Click here to take the quiz!

General Stats

  • This quiz has been taken 11 times
  • The average score is 3 of 10

Answer Stats

Team(s)YearsTDsAnswer% Correct
CHI, ATL, BAL, SEA2006 - 201619Devin Hester
100%
SD (LAC), NO, PHI2005 - present9Darren Sproles
50%
ATL, SF, DAL, WAS, BAL1989 - 20059Deion Sanders
50%
KC, STL (LAR)2000 - 200812Daunte Hall
40%
WAS, PHI, NYG1990 - 200313Brian Mitchell
30%
CLE, ATL, SD (LAC), ARI, CAR, WAS, GB1994 - 200212Eric Metcalf
20%
CLE, OAK, NYJ, IND2005 - 201411Josh Cribbs
20%
LA (LAR), NO, DET, HOU/TEN, PHI1984 - 19979Mel J. Gray
20%
HOU, BAL, SD (LAC), PIT2007 - 20159Jacoby Jones
10%
CHI (ARI), LAR, DET, PHI1952 - 19669Ollie Matson
0%

Score Distribution

Percentile by Number Answered

Percent of People with Each Score

Your Score History

You have not taken this quiz